El ejército realista en la independencia americana / (Record no. 11466)

MARC details
000 -LEADER
campo de control de longitud fija 00918nam a2200277 i 4500
001 - NÚMERO DE CONTROL
campo de control 11466
003 - IDENTIFICADOR DE NÚMERO DE CONTROL
campo de control ES-MaACL
005 - FECHA Y HORA DE LA ÚLTIMA TRANSACCIÓN
campo de control 20230906150116.0
007 - CAMPO FIJO DE DESCRIPCIÓN FÍSICA--INFORMACIÓN GENERAL
campo de control de longitud fija t|
008 - DATOS DE LONGITUD FIJA--INFORMACIÓN GENERAL
campo de control de longitud fija 921110s1992 sp |||| | spa j
020 ## - NÚMERO INTERNACIONAL ESTÁNDAR DEL LIBRO
Número Internacional Estándar del Libro 84-7100-518-2
080 ## - NÚMERO DE LA CLASIFICACIÓN DECIMAL UNIVERSAL
Número de la Clasificación Decimal Universal 355.1(8=60)"1806/30"
100 1# - ENTRADA PRINCIPAL--NOMBRE DE PERSONA
Nombre de persona Semprún, José.
9 (RLIN) 105419
245 13 - MENCIÓN DEL TÍTULO
Título El ejército realista en la independencia americana /
Mención de responsabilidad, etc. José Semprún, Alfonso Bullón de Mendoza.
260 ## - PUBLICACIÓN, DISTRIBUCIÓN, ETC.
Lugar de publicación, distribución, etc. Madrid :
Nombre del editor, distribuidor, etc. MAPFRE,
Fecha de publicación, distribución, etc. D.L. 1992.
300 ## - DESCRIPCIÓN FÍSICA
Extensión 346 p. ;
Dimensiones 23 cm.
490 1# - MENCIÓN DE SERIE
Mención de serie Armas y América ;
Designación de volumen o secuencia 8
500 ## - NOTA GENERAL
Nota general Índices.
504 ## - NOTA DE BIBLIOGRAFÍA, ETC.
Nota de bibliografía, etc. Bibliografía: p. [327]-346.
650 14 - PUNTO DE ACCESO ADICIONAL DE MATERIA--TÉRMINO DE MATERIA
Término de materia o nombre geográfico como elemento de entrada Fuerzas armadas-
Subdivisión geográfica España-
Subdivisión cronológica S.XIX.
9 (RLIN) 13003
651 #4 - PUNTO DE ACCESO ADICIONAL DE MATERIA--NOMBRE GEOGRÁFICO
Nombre geográfico América española-
Subdivisión general Historia-
Subdivisión cronológica 1806-1830, Guerras de la Independencia.
9 (RLIN) 7726
700 1# - ENTRADA AGREGADA--NOMBRE PERSONAL
Nombre de persona Bullón de Mendoza, Alfonso.
9 (RLIN) 32517
830 0# - PUNTO DE ACCESO ADICIONAL DE SERIE-TÍTULO UNIFORME
Título uniforme Armas y América ;
Designación de volumen o secuencia 8
9 (RLIN) 179104
852 ## - LOCALIZACIÓN
Ubicación ES-MaACL
Número de control de estantería L-18791
Holdings
Estatus retirado Estado de pérdida Estado de daño No para préstamo Biblioteca de origen Biblioteca actual Ubicación en estantería Fecha de adquisición Fuente de adquisición Total de préstamos Signatura topográfica completa Código de barras Visto por última vez Precio de reemplazo Tipo de ítem Koha
        Biblioteca del Ateneo de Madrid Biblioteca del Ateneo de Madrid Depósito 2 17/01/2008     L-18791 1011689 23/02/2023 23/02/2023 Libro impreso